Top 129 Vornamen der 50er Jahre - Statistiken

Allgemein
  • Dieses Quiz wurde 55 mal gespielt
  • Das Durchschnittsergebnis liegt bei 67 aus 129
Antwortstatistiken
📍 Vorname % Korrekt
P.t.r Peter
96%
Th.m.s ♂️ Thomas
96%
Ha.s Hans
87%
Ka.l Karl
87%
A.d..a Andrea
85%
U.e Uwe
85%
Ma.t.n Martin
83%
No.b..t Norbert
83%
B.r.d Bernd
80%
Di.t.r Dieter
80%
Jü.g.n Jürgen
80%
Pa.l Paul
80%
F.a.k Frank
78%
J.h.n..s Johannes
78%
Jö.g Jörg
78%
K.a.s Klaus
78%
We.n.r Werner
78%
A.d.e.s Andreas
76%
M.r.a Maria
76%
P.t.a Petra
76%
Re.n.r Reiner
76%
W.l.g..g Wolfgang
76%
Ra.f Ralf
74%
Wa.t.r Walter
74%
Gü.t.r Günter
72%
H.i.z Heinz
72%
Je.s Jens
70%
M.t..i.s Matthias
70%
S.b..e Sabine
70%
J.n Jan
67%
Ch.i.t..n Christian
65%
Ro.f Rolf
65%
St.f.n Stefan
65%
U.r..h Ulrich
65%
U.e Ute
65%
Bi.g.t Birgit
63%
Ku.t Kurt
63%
S.s.n.e Susanne
63%
Al..a.d.r Alexander
61%
G.o.g Georg
61%
He.b..t Herbert
61%
Ma.f..d Manfred
61%
Wi.h..m Wilhelm
61%
Br.g.t.e ♀️ Brigitte
59%
D.t..f Detlef
59%
I.g..d Ingrid
59%
J.a.h.m Joachim
59%
K.r.n Karin
59%
U.s..a Ursula
59%
Di.k Dirk
57%
G.b..e.e Gabriele
57%
G.s..a Gisela
57%
He.m.t Helmut
57%
H.r.t Horst
57%
R.g..a Regina
57%
U.o Udo
57%
In.e Inge
54%
A.t.n Anton
52%
B.r.h..d Bernhard
52%
R.n..e Renate
52%
Ax.l Axel
50%
Ba.b..a Barbara
50%
E.a Eva
50%
Ge.h..d Gerhard
50%
H.r..d Harald
50%
J.c..n Jochen
50%
U.r..e Ulrike
50%
Vo.k.r Volker
50%
Ri.a Rita
48%
S.e.f.i.d Siegfried
48%
Ch.i.t..e Christine
46%
D.r.s Doris
46%
G.d..n Gudrun
46%
Ho.g.r Holger
46%
Lu.z Lutz
46%
M.r.a..e Marianne
46%
M.n..a Monika
46%
St.p..n.e Stephanie
46%
B.a.e Beate
43%
C.a.d.a Claudia
43%
El.e Elke
43%
H.n..l..e Hannelore
43%
H.r.m..n Herrmann
43%
H.b..t Hubert
43%
M.r.n Maren
43%
R.d.g.r Rüdiger
43%
Ge.t..d Gertrud
41%
H.l.a Helga
41%
I.a Ina
41%
J.t.a Jutta
41%
M.r..n Marion
41%
R.l..d Roland
41%
An.t.e Anette
39%
A.g.l..a Angelika
39%
Da.m.r Dagmar
39%
He.n.r Heiner
39%
Ro.a Rosa
39%
An.e Anke
37%
Ca.s..n Carsten
37%
Ol.a Olga
37%
R.i.h..d Reinhard
37%
R.s.m.r.e Rosemarie
37%
Ar.o Arno
35%
Bä.b.l Bärbel
35%
H.i.e Heike
35%
H.i.o Heiko
35%
I.e.e Irene
35%
Ke.s..n Kerstin
35%
A.g..a Angela
33%
H.i.i Heidi
33%
An..l..e Annelise
30%
Ma.g..t Margrit
30%
Si.v.a Silvia
30%
H.n.i.g Henning
28%
A.i.a Anita
26%
Ca.m.n Carmen
26%
H.r.m.t Hartmut
26%
Ma.l.s Marlis
26%
T.m..a Tamara
26%
U.s.l Ursel
26%
N.e.s Niels
22%
Co.n.l.a Cornelia
20%
M.i.e Meike
20%
Fr.u.e Frauke
17%
E.m..d Edmund
15%
Ge.l.n.e Gerlinde
15%
L.a.e Liane
11%
G.n.a Gunda
4%
Keine übereinstimmenden Quizze gefunden
Verteilung der Resultate
Anzahl Personen mit jedem Resultat
Perzentil nach korrekt beantworteten Fragen
Ihre Resultats-Entwicklung
Sie haben dieses Quiz noch nicht gespielt